00571cam a22002171 4500001001300000003000400013005001700017008004100034010001700075025001900092040001800111043001200129050001600141245002300157260005000180300001800230350001500248504002800263650004500291999001700336sa 68003665 DLC20260227112455.0710903s1967 ii b 000 0 eng  asa 68003665  aPL480:I-E-8752 aDLCcDLCdDLC aa-ii---00aML338b.S5600aSikh sacred music. aNew Delhi,bSikh Sacred Music Societyc[1967] a90 p.c20 cm. aRs4a$1.20 aBibliography: p. 89-90. 0aHindustani musicxHistory and criticism. c79662d79662